Statistics for Characters in my own Mario Game Super Mario Shooters

Click here to take the quiz!

General Stats

  • This quiz has been taken 31 times
  • The average score is 27 of 60

Answer Stats

Answer% Correct
Luigi
100%
Mario
100%
Daisy
86%
Peach
86%
Yoshi
86%
Baby Mario
71%
Bowser
71%
Donkey Kong
71%
Lemmy Koopa
71%
Ludwig Von Koopa
71%
Morton Koopa Jr.
71%
Roy Koopa
71%
Toad
71%
Waluigi
71%
Wario
71%
Wendy O Koopa
71%
Baby Luigi
57%
Baby Peach
57%
Baby Rosalina
57%
Baby Wario
57%
Boo
57%
Bowser Jr.
57%
Diddy Kong
57%
Iggy Koopa
57%
Lakitu
57%
Larry Koopa
57%
Rosalina
57%
Shy Guy
57%
Toadette
57%
Baby Daisy
43%
Birdo
43%
Dixie Kong
43%
Dry Bones
43%
Funky Kong
43%
King Boo
43%
Koopa Troopa
43%
Metal Mario
43%
Pauline
43%
Petey Piranha
43%
Toadsworth
43%
Blooper
29%
Cheep Cheep
29%
Dry Bowser
29%
Goomba
29%
King Bob Omb
29%
Luma
29%
Pink Gold Peach
29%
ROB
29%
Cranky Kong
14%
Metal Luigi
14%
Pianta
14%
Baby Boo
0%
Cat Peach
0%
Gooigi
0%
Hellen Gravely
0%
Lucia
0%
Marioette
0%
Mechakoopa
0%
Mii
0%
Tanooki Mario
0%

Score Distribution

Percentile by Number Answered

Percent of People with Each Score

Your Score History

You have not taken this quiz